000 00563nam a22001937a 4500
999 _c526321
_d526321
003 NUST
005 20190710101619.0
008 190710b ||||| |||| 00| 0 eng d
038 _aMr. Zahoor
082 _a510
100 _aSultan, Sadaf
_917304
245 _aFixed point theorems for multi-valued weakly Picard mappings /
_cSadaf Sultan
260 _aIslambad :
_bSNS - NUST,
_c2013.
300 _a51 p. : ill. ;
_c30cm.
500 _aHard cover.
650 _aMathematics - M.Phil Thesis
_916594
700 _aDr. Tayyab Kamran
_916844
942 _2ddc
_cTHE